| 000 | 00948cam a22002891a 4500 | ||
|---|---|---|---|
| 001 | agr67000347 | ||
| 003 | DLC | ||
| 005 | 20260227111027.0 | ||
| 008 | 800630s1967 dcu bs f000 0 eng c | ||
| 010 | _aagr67000347 | ||
| 035 | _a(OCoLC)6471194 | ||
| 040 |
_aU.S. Nat'l. Agr. Libr. _cNPotU _dNPotU _dDNAL _dDLC |
||
| 042 | _apremarc | ||
| 043 | _an-us--- | ||
| 050 | 0 | 0 |
_aHD1751 _b.A91854 no. 121 |
| 070 | 0 |
_aA281.9 _bAg8A no.121 |
|
| 072 | 0 |
_aE100 _aE200 |
|
| 082 | _a331.6/7/0973 | ||
| 100 | 1 |
_aRapton, Avra, _d1927- |
|
| 245 | 1 | 0 |
_aDomestic migratory farmworkers : _bpersonal and economic characteristics / _c[by Arra Rapton]. |
| 260 |
_aWashington, D.C. : _bEconomic Research Service, U.S. Dept. of Agriculture, _c1967. |
||
| 300 |
_aiv, 32 p. ; _c26 cm. |
||
| 440 | 0 |
_aAgricultural economic report ; _vno. 121 |
|
| 500 | _aCover title. | ||
| 504 | _aBibliography: p. 31-32. | ||
| 650 | 0 |
_aMigrant agricultural laborers _zUnited States. |
|
| 999 |
_c12282 _d12282 |
||